• 首页
  • 本馆介绍
  • 公告通知
  • 最新文献
  • 馆藏检索
  • 电子资源
  • 读者导购
  • 参考咨询
  • 我的图书馆
  • 登录
  • 详细信息显示
  • 放入我的书架
  • 预约/预借图书
  • 作者相关作品
  • 分类相关作品
  • 丛书相关作品
  • 出版社相关作品

书目信息

  • 表格格式
  • 工作单格式
  • 卡片格式
题名:
世界民族学史
    
 
作者: 贾东海 ;孙振玉
分册:  
出版信息: 银川   宁夏人民出版社  1995
页数: 412
开本: 19cm
丛书名:
单 册:
中图分类: C95
科图分类:
主题词: 社会科学
电子资源:
ISBN: 7-227-01366-9
000 00538nam0 2200193 450
001 0734081268
005 20071007092801.28
010    @a7-227-01366-9
100    @a20071007d km y0chiy0120 ea
101 0  @achi
200 1  @a世界民族学史@Ashi jie min zu xue shi@f贾东海@Fjia dong hai@g孙振玉@Gsun zhen yu
210    @a银川@c宁夏人民出版社@d1995
215    @a412@d19cm
606 0  @a社会科学
690    @aC95@v3
701  0 @a贾东海@Ajia dong hai
702  0 @a孙振玉@Asun zhen yu
801  0 @aCN@bPFT@c20071007
905    @a213230@dC95@ea11@f1
    
    世界民族学史/贾东海/孙振玉.-银川:宁夏人民出版社,1995
    412;19cm
    
    
    ISBN 7-227-01366-9:
    
●
相关链接 在E读中查询图书 在五车中查询图书 在当当中查询图书 在豆瓣中查询图书


正题名:世界民族学史     索取号:C95/a11         预约/预借

序号 登录号 条形码 馆藏地/架位号 状态 备注
1 7505576   275055761   密集书库-史法系/ [索取号:C95/a11] 在馆    
唐山师范学院图书馆 欢迎您!
大连网信软件有限公司© 版权所有